| 000 | 00625cam a22002293a 4500 | ||
|---|---|---|---|
| 001 | 24779 | ||
| 003 | PGUSA | ||
| 005 | 20140828083531.0 | ||
| 008 | 080308s2008||||xxu|||||s|||||000 1 eng d | ||
| 040 |
_aPGUSA _beng |
||
| 042 | _adc | ||
| 050 | 4 | _aPS | |
| 100 | 1 |
_aCole, Everett B., _d1918-1977 |
|
| 245 | 1 | 0 |
_aMillennium _h[electronic resource] / _cEverett B. Cole |
| 260 |
_bProject Gutenberg, _c2008 |
||
| 506 | _aPublic domain in the USA. | ||
| 516 | _aElectronic text | ||
| 653 | _aScience fiction, American | ||
| 830 | 0 |
_aProject Gutenberg _v24779 |
|
| 856 | 4 | 0 | _uhttp://www.gutenberg.org/ebooks/24779 |
| 942 | _cEB | ||
| 999 |
_c254034 _d254034 |
||